000 00463nam a2200169Ia 4500
005 20250320143647.0
008 231217s9999 xx 000 0 und d
020 _a9788131419946
082 _a658.315 SAN;1 R
100 _aSangeetha, K ed.
245 0 _aFun and laughter at workplace : a new perspective
250 _a1st ed.
260 _c2008
_bIcfai University press
_aHyderabad
300 _ax, 165
650 _aFun,laughter,workplace
942 _cAA
999 _c185256
_d185256